Manual tipográfico /

Wedi'i Gadw mewn:
Manylion Llyfryddiaeth
Prif Awdur: Le Comte, Christian (autor)
Fformat: Llyfr
Iaith:Sbaeneg
Cyhoeddwyd: Buenos Aires, Argentina : Infinito, 2004, c2004
Pynciau:
Tagiau: Ychwanegu Tag
Dim Tagiau, Byddwch y cyntaf i dagio'r cofnod hwn!

MARC

LEADER 00000nam^a2200000^a^4500
001 000181698
005 20250521000000.0
009 20260310101942.615
020 |a 987-9393-35-X 
037 |a Acervo ITESO - Biblioteca 
041 |a ESP 
082 |a 686. 224  |b LEC 
100 |a Le Comte, Christian  |e (autor) 
245 1 0 |a Manual tipográfico /  |c C. Le Comte. 
264 4 |a Buenos Aires, Argentina :  |b Infinito,  |c 2004, c2004 
300 |a 83 
336 |a texto  |b txt  |2 rdacontenido 
337 |a sin mediación  |b n  |2 rdamedio 
338 |a volumen  |b nc  |2 rdasoporte 
649 |a XX 
650 |a Diseño Tipográfico 
650 |a Composición Tipográfica 
650 |a Titulares y Subtítulos 
650 |a Tipos de Letra 
650 |a Formato (Diseño Gráfico) 
650 |a Tipografía 
650 |a Diseño Editorial 
650 |a Portada (Diseño) 
650 |a Guardas (Libros) 
650 |a Fundas para Libros 
650 |a Libros 
650 |a Diseño Editorial 
650 |a Diseño Gráfico 
910 |a Fondo General 
920 |a Impresos - Libros 
930 |a Colección General 
905 |a 101 
901 |a 0500121418  |b IT1  |c ACC  |u 20250521 
902 |a https://opac.biblio.iteso.mx/vufind/Record/000181698